| 000 | 00994cam a22002054a 4500 | ||
|---|---|---|---|
| 005 | 20250605164016.0 | ||
| 008 | 250528s ||||||||||||||||||||||||d | ||
| 035 | _a16169 | ||
| 020 | _a70229686 | ||
| 040 |
_aGR-AtMCL _bgre _dGR-AtMCL _eAACR2 |
||
| 245 | 1 | _aLinear Programming / Methods and Applications | |
| 250 | _a4th | ||
| 260 |
_bMcgraw Hill Book Company, _c1975 |
||
| 300 | _a408 | ||
| 520 | _aPreface, Introduction, General Discussion, Mathematical Background, Methods: Theoretical and Computational, The General Linear-Programming Problem, The Simplex Computational Procedure, The Revised Simplex Method, The Duality Problems of Linear Programming, Degeneracy Procedures, Parametric Linear Programming and Sensitivity Analysis, Additional Computational Techniques, Applications, The Transportation Problem, General Linear-Programming Applications, Nonlinear Programming, References, Index. | ||
| 700 | 1 |
_aGass Saul I _92218 |
|
| 942 | _cBK | ||
| 999 |
_c1704 _d1704 |
||